The Transfer of Property Act/ (Record no. 215792)

MARC details
000 -LEADER
fixed length control field 00546nam a22001937a 4500
005 - DATE AND TIME OF LATEST TRANSACTION
control field 20260327123747.0
010 ## - LCCN (DPL NO)
LC control number ENG-148150
020 ## - INTERNATIONAL STANDARD BOOK NUMBER
Terms of availability 590.00
International Standard Book Number 9789392140211
035 ## - SYSTEM CONTROL NUMBER
System control number EN-131682
037 ## - SOURCE OF ACQUISITION
Stock number DPL
Source of stock number/acquisition DBAD
082 ## - DEWEY DECIMAL CLASSIFICATION NUMBER
Edition number 27
100 ## - MAIN ENTRY--PERSONAL NAME
Personal name Sinha, R.K
245 ## - TITLE STATEMENT
Title The Transfer of Property Act/
Statement of responsibility, etc R.K Sinha
250 ## - EDITION STATEMENT
Edition statement 27
260 ## - PUBLICATION, DISTRIBUTION, ETC. (IMPRINT)
Place of publication, distribution, etc Prayagraj
Name of publisher, distributor, etc Central Law Agency
Date of publication, distribution, etc 2023
270 ## - ADDRESS
Address 30-D/1, Motilal Nehru Road,
City Prayagraj
Postal code 211002
300 ## - PHYSICAL DESCRIPTION
Extent 552p.
Dimensions 23cm(pb)
942 ## - ADDED ENTRY ELEMENTS (KOHA)
Source of classification or shelving scheme Dewey Decimal Classification
Item type English Books
Edition 27
Classification part 346.540536
Call number suffix SIN
Holdings
Withdrawn status Lost status Not for loan Collection code Home library Current library Date acquired Source of acquisition Cost, normal purchase price Full call number Barcode Copy number Cost, replacement price Koha item type
      Non-fiction Sarojini Nagar Sarojini Nagar 27/03/2026 Delivery of Books Act Division 590.00 346.540536 SIN EN-131682 1 590.00 English Books

© Delhi Public Library
Hit Counter
free hit counter